00494 a2200133 4500001001000000005001700010008004100027245013600068100002300204700002000227700002000247773007600267999001700343ART_6275620260410161612.0260409a 10aLey 27743, medidas fiscales paliativas y relevantes: accionar y consecuencia en los estados contables y en los informes del auditor1 aTorchelli, Valeria1 aSimaro, Gustavo1 aAlbanese, Diana0 tProfesional & Empresariag- Año XXVI, Nº 303 (mayo/jun. 2025)wREV70 c10704d10704